| 000 | 00961nam a2200205Ia 4500 | ||
|---|---|---|---|
| 999 |
_c38881 _d38881 |
||
| 001 | 5294 | ||
| 003 | GE_BSU | ||
| 005 | 20190501164500.0 | ||
| 008 | 181216s1976||||ge |||||||||||||| ||geo|| | ||
| 040 | _cGE_BSU | ||
| 041 | _ageo | ||
| 080 | _a624.01/04(075.8) ჯ-14 | ||
| 100 |
_aჯავახიშვილი, ვ. _9594 |
||
| 245 |
_aლითონის ხისა და პლასტმასის სამშენებლო კონსტრუქციები : _bსახელმძღვ. / ვ. ჯავახიშვილი ; რედ. დ.დოლიძე. |
||
| 264 |
_aთბილისი : _bსპი, _c1976. |
||
| 300 |
_a203 გვ.: _bილ. ; _c27 სმ. |
||
| 653 | _aლითონის ხისა და პლასტმასის სამშენებლო კონსტრუქციები | ||
| 700 |
_aდოლიძე,დ. _eრედაქტორი _9609 |
||
| 942 |
_cBK _2udc |
||